[Event "DEM U14w 2024"]
[Site "Willingen GER"]
[Date "2024.05.20"]
[Round "3"]
[White "Czäczine, Paula"]
[Black "Neininger, Sarah"]
[Result "1-0"]
[Termination "normal"]
[Board "1"]
[WhiteElo "1808"]
[BlackElo "1744"]
[WhiteClock "00:29:15"]
[BlackClock "00:46:59"]
[PlyCount "47"]
[WhiteFideId "16249305"]
[BlackFideId "16287410"]
[EventCountry "GER"]
[EventRounds "9"]
[EventType "swiss"]
[EventDate "2024.05.18"]

1. e4 {[%clk 01:30:56]} {[%emt 00:00:03]} c5 {[%clk 01:30:55]} {[%emt
00:00:05]} 2. Nf3 {[%clk 01:31:23]} {[%emt 00:00:04]} e6 {[%clk 01:31:21]}
{[%emt 00:00:05]} 3. d4 {[%clk 01:31:44]} {[%emt 00:00:09]} cxd4 {[%clk
01:31:45]} {[%emt 00:00:05]} 4. Nxd4 {[%clk 01:32:10]} {[%emt 00:00:04]} Nc6
{[%clk 01:32:07]} {[%emt 00:00:07]} 5. Nc3 {[%clk 01:32:27]} {[%emt 00:00:13]}
Qc7 {[%clk 01:32:31]} {[%emt 00:00:06]} 6. g3 {[%clk 01:32:34]} {[%emt
00:00:24]} a6 {[%clk 01:32:43]} {[%emt 00:00:18]} 7. Bg2 {[%clk 01:32:56]}
{[%emt 00:00:08]} Bb4 {[%clk 01:32:12]} {[%emt 00:01:01]} 8. O-O {[%clk
01:29:32]} {[%emt 00:03:53]} Nge7 {[%clk 01:28:56]} {[%emt 00:03:44]} 9. a3
{[%clk 01:22:39]} {[%emt 00:07:26]} Bxc3 {[%clk 01:21:09]} {[%emt 00:08:17]}
10. bxc3 {[%clk 01:22:59]} {[%emt 00:00:10]} Ne5 {[%clk 01:19:03]} {[%emt
00:02:31]} 11. Qe1 {[%clk 01:11:57]} {[%emt 00:11:37]} Nc4 {[%clk 01:18:05]}
{[%emt 00:01:27]} 12. Kh1 {[%clk 01:10:27]} {[%emt 00:02:01]} b5 {[%clk
01:15:39]} {[%emt 00:02:56]} 13. a4 {[%clk 01:00:49]} {[%emt 00:10:08]} bxa4
{[%clk 01:08:56]} {[%emt 00:07:12]} 14. Rxa4 {[%clk 00:58:08]} {[%emt
00:03:12]} Bb7 {[%clk 01:08:04]} {[%emt 00:01:21]} 15. f4 {[%clk 00:53:49]}
{[%emt 00:04:49]} d5 {[%clk 01:01:48]} {[%emt 00:06:46]} 16. exd5 {[%clk
00:44:26]} {[%emt 00:09:54]} Bxd5 {[%clk 01:01:00]} {[%emt 00:01:18]} 17. Bxd5
{[%clk 00:43:26]} {[%emt 00:01:30]} Nxd5 {[%clk 01:00:49]} {[%emt 00:00:40]}
18. Nxe6 {[%clk 00:37:42]} {[%emt 00:06:15]} fxe6 {[%clk 00:52:33]} {[%emt
00:08:45]} 19. Qxe6+ {[%clk 00:37:54]} {[%emt 00:00:18]} Ne7 {[%clk 00:50:11]}
{[%emt 00:02:51]} 20. Rxc4 {[%clk 00:36:11]} {[%emt 00:02:15]} Qb7+ {[%clk
00:50:26]} {[%emt 00:00:15]} 21. Re4 {[%clk 00:30:58]} {[%emt 00:05:43]} Rf8
{[%clk 00:46:42]} {[%emt 00:04:13]} 22. Ba3 {[%clk 00:29:48]} {[%emt 00:01:41]}
Rf7 {[%clk 00:46:39]} {[%emt 00:00:32]} 23. Rfe1 {[%clk 00:29:28]} {[%emt
00:00:51]} Ra7 {[%clk 00:46:59]} {[%emt 00:00:11]} 24. Bc5 {[%clk 00:29:15]}
{[%emt 00:00:43]} 1-0

[Event "DEM U14w 2024"]
[Site "Willingen GER"]
[Date "2024.05.20"]
[Round "3"]
[White "Wagner, Cosima Thien-An"]
[Black "Schwarzfischer, Julia"]
[Result "0-1"]
[Termination "normal"]
[Board "2"]
[WhiteElo "1773"]
[BlackElo "1767"]
[WhiteClock "00:10:41"]
[BlackClock "01:09:37"]
[PlyCount "90"]
[WhiteFideId "34603484"]
[BlackFideId "16268105"]
[EventCountry "GER"]
[EventRounds "9"]
[EventType "swiss"]
[EventDate "2024.05.18"]

1. c4 {[%clk 01:30:58]} {[%emt 00:00:02]} e5 {[%clk 01:30:53]} {[%emt
00:00:08]} 2. Nc3 {[%clk 01:31:15]} {[%emt 00:00:13]} Be7 {[%clk 01:31:13]}
{[%emt 00:00:10]} 3. g3 {[%clk 01:31:38]} {[%emt 00:00:07]} f5 {[%clk
01:31:28]} {[%emt 00:00:15]} 4. Bg2 {[%clk 01:31:54]} {[%emt 00:00:11]} Nf6
{[%clk 01:31:50]} {[%emt 00:00:10]} 5. d4 {[%clk 01:31:40]} {[%emt 00:00:45]}
d6 {[%clk 01:32:06]} {[%emt 00:00:14]} 6. dxe5 {[%clk 01:31:36]} {[%emt
00:00:34]} dxe5 {[%clk 01:32:26]} {[%emt 00:00:10]} 7. Qxd8+ {[%clk 01:31:51]}
{[%emt 00:00:15]} Bxd8 {[%clk 01:32:50]} {[%emt 00:00:06]} 8. e4 {[%clk
01:31:43]} {[%emt 00:00:37]} c6 {[%clk 01:31:52]} {[%emt 00:01:30]} 9. Bh3
{[%clk 01:20:49]} {[%emt 00:11:23]} g6 {[%clk 01:27:00]} {[%emt 00:05:22]} 10.
Nf3 {[%clk 01:18:55]} {[%emt 00:02:24]} O-O {[%clk 01:17:31]} {[%emt 00:09:59]}
11. Nxe5 {[%clk 01:00:31]} {[%emt 00:18:55]} Bc7 {[%clk 01:16:25]} {[%emt
00:01:35]} 12. f4 {[%clk 00:49:05]} {[%emt 00:11:55]} Bxe5 {[%clk 01:14:13]}
{[%emt 00:02:42]} 13. fxe5 {[%clk 00:49:19]} {[%emt 00:00:16]} Nfd7 {[%clk
01:13:12]} {[%emt 00:01:31]} 14. Bf4 {[%clk 00:41:34]} {[%emt 00:08:14]} Nc5
{[%clk 01:10:04]} {[%emt 00:03:38]} 15. O-O-O {[%clk 00:38:56]} {[%emt
00:03:09]} fxe4 {[%clk 01:08:07]} {[%emt 00:02:27]} 16. Bxc8 {[%clk 00:39:17]}
{[%emt 00:00:09]} Rxc8 {[%clk 01:08:26]} {[%emt 00:00:11]} 17. Kc2 {[%clk
00:36:18]} {[%emt 00:03:28]} Nba6 {[%clk 01:07:07]} {[%emt 00:01:50]} 18. a3
{[%clk 00:36:10]} {[%emt 00:00:37]} b5 {[%clk 00:57:37]} {[%emt 00:10:00]} 19.
b4 {[%clk 00:34:52]} {[%emt 00:01:47]} Ne6 {[%clk 00:56:20]} {[%emt 00:01:47]}
20. c5 {[%clk 00:29:43]} {[%emt 00:05:40]} Nac7 {[%clk 00:54:22]} {[%emt
00:02:28]} 21. Nxe4 {[%clk 00:28:46]} {[%emt 00:01:27]} Nd5 {[%clk 00:51:51]}
{[%emt 00:03:01]} 22. Bh6 {[%clk 00:18:02]} {[%emt 00:11:13]} a5 {[%clk
00:50:17]} {[%emt 00:02:04]} 23. Nf6+ {[%clk 00:17:29]} {[%emt 00:01:03]} Nxf6
{[%clk 00:50:15]} {[%emt 00:00:32]} 24. exf6 {[%clk 00:17:56]} {[%emt
00:00:03]} axb4 {[%clk 00:49:31]} {[%emt 00:01:15]} 25. axb4 {[%clk 00:17:25]}
{[%emt 00:01:00]} Ra2+ {[%clk 00:49:22]} {[%emt 00:00:39]} 26. Kb3 {[%clk
00:14:18]} {[%emt 00:03:38]} Rca8 {[%clk 00:49:04]} {[%emt 00:00:48]} 27. Bc1
{[%clk 00:14:38]} {[%emt 00:00:09]} Rf2 {[%clk 00:44:01]} {[%emt 00:05:32]} 28.
Bb2 {[%clk 00:14:36]} {[%emt 00:00:32]} Rf3+ {[%clk 00:43:57]} {[%emt
00:00:34]} 29. Bc3 {[%clk 00:14:20]} {[%emt 00:00:46]} Ng5 {[%clk 00:43:07]}
{[%emt 00:01:19]} 30. Rhf1 {[%clk 00:12:06]} {[%emt 00:02:44]} Rxf1 {[%clk
00:41:39]} {[%emt 00:01:58]} 31. Rxf1 {[%clk 00:12:33]} {[%emt 00:00:03]} Ne4
{[%clk 00:41:29]} {[%emt 00:00:40]} 32. Ra1 {[%clk 00:07:32]} {[%emt 00:05:30]}
Rxa1 {[%clk 00:40:42]} {[%emt 00:01:18]} 33. Bxa1 {[%clk 00:07:55]} {[%emt
00:00:07]} Kf7 {[%clk 00:40:09]} {[%emt 00:01:03]} 34. Kc2 {[%clk 00:07:09]}
{[%emt 00:01:16]} Nxf6 {[%clk 00:40:20]} {[%emt 00:00:19]} 35. Kd3 {[%clk
00:02:32]} {[%emt 00:05:07]} Nd5 {[%clk 00:40:12]} {[%emt 00:00:38]} 36. Bc3
{[%clk 00:02:41]} {[%emt 00:00:20]} Nxc3 {[%clk 00:40:11]} {[%emt 00:00:31]}
37. Kxc3 {[%clk 00:03:07]} {[%emt 00:00:04]} Ke6 {[%clk 00:40:32]} {[%emt
00:00:09]} 38. Kd4 {[%clk 00:03:26]} {[%emt 00:00:11]} Kf5 {[%clk 00:40:36]}
{[%emt 00:00:26]} 39. g4+ {[%clk 00:01:44]} {[%emt 00:02:12]} Kf4 {[%clk
00:40:55]} {[%emt 00:00:11]} 40. g5 {[%clk 00:01:29]} {[%emt 00:00:45]} Kf5
{[%clk 00:39:52]} {[%emt 00:01:33]} 41. Ke3 {[%clk 00:19:44]} {[%emt 00:12:15]}
Kxg5 {[%clk 01:09:09]} {[%emt 00:01:14]} 42. Ke4 {[%clk 00:19:52]} {[%emt
00:00:21]} Kf6 {[%clk 01:09:21]} {[%emt 00:00:17]} 43. Kf4 {[%clk 00:15:22]}
{[%emt 00:05:01]} g5+ {[%clk 01:09:13]} {[%emt 00:00:38]} 44. Ke4 {[%clk
00:10:40]} {[%emt 00:05:11]} h5 {[%clk 01:09:25]} {[%emt 00:00:18]} 45. h3
{[%clk 00:10:41]} {[%emt 00:00:29]} Ke6 {[%clk 01:09:37]} {[%emt 00:00:19]} 0-1

[Event "DEM U14w 2024"]
[Site "Willingen GER"]
[Date "2024.05.20"]
[Round "3"]
[White "Bauer, Laura Sophie"]
[Black "Trunz, Tamila"]
[Result "0-1"]
[Termination "normal"]
[Board "3"]
[WhiteElo "1874"]
[BlackElo "1988"]
[WhiteClock "00:14:04"]
[BlackClock "00:11:54"]
[PlyCount "154"]
[WhiteFideId "16253647"]
[BlackFideId "16267885"]
[EventCountry "GER"]
[EventRounds "9"]
[EventType "swiss"]
[EventDate "2024.05.18"]

1. e4 {[%clk 01:30:58]} {[%emt 00:00:02]} c5 {[%clk 01:30:55]} {[%emt
00:00:06]} 2. Nf3 {[%clk 01:31:22]} {[%emt 00:00:05]} e6 {[%clk 01:31:15]}
{[%emt 00:00:10]} 3. c3 {[%clk 01:31:46]} {[%emt 00:00:06]} Nc6 {[%clk
01:29:34]} {[%emt 00:02:11]} 4. d4 {[%clk 01:28:27]} {[%emt 00:03:48]} d5
{[%clk 01:29:20]} {[%emt 00:00:44]} 5. exd5 {[%clk 01:27:34]} {[%emt 00:01:23]}
exd5 {[%clk 01:29:37]} {[%emt 00:00:12]} 6. Bb5 {[%clk 01:27:10]} {[%emt
00:00:54]} Nf6 {[%clk 01:26:50]} {[%emt 00:03:18]} 7. Bg5 {[%clk 01:23:18]}
{[%emt 00:04:22]} h6 {[%clk 01:26:21]} {[%emt 00:00:59]} 8. Bxf6 {[%clk
01:18:04]} {[%emt 00:05:44]} Qxf6 {[%clk 01:26:27]} {[%emt 00:00:24]} 9. dxc5
{[%clk 01:11:19]} {[%emt 00:07:15]} Qe6+ {[%clk 01:18:41]} {[%emt 00:08:15]}
10. Qe2 {[%clk 01:09:25]} {[%emt 00:02:24]} Bxc5 {[%clk 01:17:37]} {[%emt
00:01:35]} 11. Qxe6+ {[%clk 01:03:05]} {[%emt 00:06:50]} fxe6 {[%clk 01:17:23]}
{[%emt 00:00:44]} 12. Ne5 {[%clk 01:00:50]} {[%emt 00:02:44]} Bd7 {[%clk
01:16:28]} {[%emt 00:01:25]} 13. Nd3 {[%clk 00:58:47]} {[%emt 00:02:32]} Bb6
{[%clk 01:13:46]} {[%emt 00:03:13]} 14. Nd2 {[%clk 00:56:24]} {[%emt 00:02:52]}
O-O {[%clk 01:13:05]} {[%emt 00:01:12]} 15. O-O {[%clk 00:55:49]} {[%emt
00:01:05]} Rf6 {[%clk 01:10:38]} {[%emt 00:02:56]} 16. Nf3 {[%clk 00:54:50]}
{[%emt 00:01:29]} Be8 {[%clk 01:06:38]} {[%emt 00:04:31]} 17. Ba4 {[%clk
00:46:20]} {[%emt 00:09:00]} Nb4 {[%clk 00:48:17]} {[%emt 00:18:39]} 18. Bxe8
{[%clk 00:41:04]} {[%emt 00:05:57]} Nxd3 {[%clk 00:48:27]} {[%emt 00:00:20]}
19. Bb5 {[%clk 00:41:01]} {[%emt 00:00:33]} Nxb2 {[%clk 00:42:11]} {[%emt
00:06:46]} 20. Rab1 {[%clk 00:40:48]} {[%emt 00:00:43]} Nc4 {[%clk 00:42:23]}
{[%emt 00:00:18]} 21. Bxc4 {[%clk 00:41:08]} {[%emt 00:00:11]} dxc4 {[%clk
00:42:49]} {[%emt 00:00:04]} 22. Ne5 {[%clk 00:35:09]} {[%emt 00:06:29]} Rf4
{[%clk 00:35:52]} {[%emt 00:07:27]} 23. Rb4 {[%clk 00:28:52]} {[%emt 00:06:47]}
Rd8 {[%clk 00:32:31]} {[%emt 00:03:47]} 24. g3 {[%clk 00:22:43]} {[%emt
00:06:43]} Re4 {[%clk 00:31:14]} {[%emt 00:01:47]} 25. Nf3 {[%clk 00:19:27]}
{[%emt 00:03:46]} Rd3 {[%clk 00:30:52]} {[%emt 00:00:50]} 26. Kg2 {[%clk
00:18:35]} {[%emt 00:01:22]} Rxc3 {[%clk 00:30:37]} {[%emt 00:00:45]} 27. Nd2
{[%clk 00:17:53]} {[%emt 00:01:12]} Rd4 {[%clk 00:30:21]} {[%emt 00:00:46]} 28.
Nf3 {[%clk 00:16:39]} {[%emt 00:01:44]} Rd5 {[%clk 00:26:48]} {[%emt 00:04:02]}
29. Rb2 {[%clk 00:16:14]} {[%emt 00:00:57]} Rcd3 {[%clk 00:25:13]} {[%emt
00:02:03]} 30. Rc2 {[%clk 00:14:02]} {[%emt 00:02:44]} c3 {[%clk 00:23:12]}
{[%emt 00:02:31]} 31. Rfc1 {[%clk 00:13:50]} {[%emt 00:00:42]} Ba5 {[%clk
00:22:07]} {[%emt 00:01:35]} 32. a3 {[%clk 00:10:51]} {[%emt 00:03:29]} Rb5
{[%clk 00:20:52]} {[%emt 00:01:44]} 33. Re2 {[%clk 00:09:46]} {[%emt 00:01:36]}
Rd6 {[%clk 00:19:11]} {[%emt 00:02:10]} 34. Re5 {[%clk 00:08:58]} {[%emt
00:01:19]} Rdb6 {[%clk 00:16:40]} {[%emt 00:03:00]} 35. Re4 {[%clk 00:07:22]}
{[%emt 00:02:07]} Rb1 {[%clk 00:13:51]} {[%emt 00:03:18]} 36. Rxb1 {[%clk
00:06:32]} {[%emt 00:01:20]} Rxb1 {[%clk 00:14:17]} {[%emt 00:00:05]} 37. Rc4
{[%clk 00:06:51]} {[%emt 00:00:11]} Kf7 {[%clk 00:12:08]} {[%emt 00:02:38]} 38.
Ne5+ {[%clk 00:06:08]} {[%emt 00:01:13]} Ke7 {[%clk 00:12:16]} {[%emt
00:00:21]} 39. Nd3 {[%clk 00:05:57]} {[%emt 00:00:41]} Rd1 {[%clk 00:11:01]}
{[%emt 00:01:46]} 40. Nb4 {[%clk 00:05:37]} {[%emt 00:00:51]} Rc1 {[%clk
00:09:13]} {[%emt 00:02:17]} 41. Na2 {[%clk 00:05:23]} {[%emt 00:00:45]} Rc2
{[%clk 00:08:25]} {[%emt 00:01:18]} 42. Nb4 {[%clk 00:05:40]} {[%emt 00:00:13]}
Bxb4 {[%clk 00:08:37]} {[%emt 00:00:17]} 43. axb4 {[%clk 00:05:52]} {[%emt
00:00:18]} Kd6 {[%clk 00:08:32]} {[%emt 00:00:35]} 44. Kf3 {[%clk 00:04:00]}
{[%emt 00:02:22]} Rb2 {[%clk 00:00:44]} {[%emt 00:08:17]} 45. Ke3 {[%clk
00:01:47]} {[%emt 00:02:43]} c2 {[%clk 00:28:57]} {[%emt 00:02:18]} 46. Kd2
{[%clk 00:31:29]} {[%emt 00:00:48]} c1=Q+ {[%clk 00:27:33]} {[%emt 00:01:55]}
47. Kxc1 {[%clk 00:31:52]} {[%emt 00:00:06]} Rxf2 {[%clk 00:27:48]} {[%emt
00:00:15]} 48. h4 {[%clk 00:31:56]} {[%emt 00:00:27]} h5 {[%clk 00:24:35]}
{[%emt 00:03:42]} 49. Rc5 {[%clk 00:28:11]} {[%emt 00:04:15]} e5 {[%clk
00:24:28]} {[%emt 00:00:37]} 50. Rc3 {[%clk 00:27:48]} {[%emt 00:00:53]} b6
{[%clk 00:23:18]} {[%emt 00:01:41]} 51. Ra3 {[%clk 00:24:46]} {[%emt 00:03:31]}
Rf7 {[%clk 00:20:29]} {[%emt 00:03:18]} 52. Kd2 {[%clk 00:23:39]} {[%emt
00:01:37]} e4 {[%clk 00:19:43]} {[%emt 00:01:17]} 53. Ke2 {[%clk 00:20:09]}
{[%emt 00:04:00]} Kd5 {[%clk 00:19:52]} {[%emt 00:00:21]} 54. Rc3 {[%clk
00:19:05]} {[%emt 00:01:34]} a5 {[%clk 00:17:53]} {[%emt 00:02:29]} 55. bxa5
{[%clk 00:19:07]} {[%emt 00:00:28]} bxa5 {[%clk 00:18:19]} {[%emt 00:00:05]}
56. Ra3 {[%clk 00:19:23]} {[%emt 00:00:13]} Ra7 {[%clk 00:18:43]} {[%emt
00:00:06]} 57. Ra4 {[%clk 00:19:17]} {[%emt 00:00:37]} Kc5 {[%clk 00:18:48]}
{[%emt 00:00:23]} 58. Kd2 {[%clk 00:18:32]} {[%emt 00:01:15]} Kd5 {[%clk
00:15:20]} {[%emt 00:03:58]} 59. Ke3 {[%clk 00:18:52]} {[%emt 00:00:11]} g6
{[%clk 00:15:09]} {[%emt 00:00:41]} 60. Kf4 {[%clk 00:14:10]} {[%emt 00:05:12]}
Kc5 {[%clk 00:14:23]} {[%emt 00:01:16]} 61. Kxe4 {[%clk 00:13:37]} {[%emt
00:01:03]} Kb5 {[%clk 00:14:40]} {[%emt 00:00:13]} 62. Ra1 {[%clk 00:12:48]}
{[%emt 00:01:19]} Kb4 {[%clk 00:14:43]} {[%emt 00:00:28]} 63. Rb1+ {[%clk
00:12:33]} {[%emt 00:00:45]} Kc3 {[%clk 00:14:57]} {[%emt 00:00:15]} 64. Rb6
{[%clk 00:11:00]} {[%emt 00:02:04]} a4 {[%clk 00:15:01]} {[%emt 00:00:26]} 65.
Rxg6 {[%clk 00:11:03]} {[%emt 00:00:26]} a3 {[%clk 00:14:50]} {[%emt 00:00:42]}
66. Rc6+ {[%clk 00:09:59]} {[%emt 00:01:34]} Kd2 {[%clk 00:13:17]} {[%emt
00:02:03]} 67. Rb6 {[%clk 00:10:00]} {[%emt 00:00:29]} a2 {[%clk 00:12:02]}
{[%emt 00:01:45]} 68. Rb2+ {[%clk 00:10:22]} {[%emt 00:00:08]} Kc3 {[%clk
00:12:28]} {[%emt 00:00:04]} 69. Rxa2 {[%clk 00:10:48]} {[%emt 00:00:04]} Rxa2
{[%clk 00:12:55]} {[%emt 00:00:03]} 70. Kf5 {[%clk 00:11:11]} {[%emt 00:00:08]}
Rg2 {[%clk 00:11:56]} {[%emt 00:01:28]} 71. Kg5 {[%clk 00:11:35]} {[%emt
00:00:06]} Rxg3+ {[%clk 00:10:57]} {[%emt 00:01:29]} 72. Kxh5 {[%clk 00:11:59]}
{[%emt 00:00:06]} Kd4 {[%clk 00:11:12]} {[%emt 00:00:15]} 73. Kh6 {[%clk
00:12:25]} {[%emt 00:00:04]} Ke5 {[%clk 00:11:22]} {[%emt 00:00:20]} 74. h5
{[%clk 00:12:50]} {[%emt 00:00:04]} Kf6 {[%clk 00:11:34]} {[%emt 00:00:18]} 75.
Kh7 {[%clk 00:13:15]} {[%emt 00:00:06]} Kf7 {[%clk 00:11:08]} {[%emt 00:00:56]}
76. h6 {[%clk 00:13:38]} {[%emt 00:00:07]} Rh3 {[%clk 00:11:31]} {[%emt
00:00:06]} 77. Kh8 {[%clk 00:14:04]} {[%emt 00:00:04]} Rxh6+ {[%clk 00:11:54]}
{[%emt 00:00:08]} 0-1

[Event "DEM U14w 2024"]
[Site "Willingen GER"]
[Date "2024.05.20"]
[Round "3"]
[White "Halas, Neele Zoe"]
[Black "Neumeier, Valentina"]
[Result "1-0"]
[Termination "normal"]
[Board "4"]
[WhiteElo "1689"]
[BlackElo "1805"]
[WhiteClock "00:31:41"]
[BlackClock "00:16:52"]
[PlyCount "95"]
[WhiteFideId "16287282"]
[BlackFideId "34608222"]
[EventCountry "GER"]
[EventRounds "9"]
[EventType "swiss"]
[EventDate "2024.05.18"]

1. e4 {[%clk 01:30:58]} {[%emt 00:00:01]} e5 {[%clk 01:30:56]} {[%emt
00:00:04]} 2. Nf3 {[%clk 01:31:24]} {[%emt 00:00:05]} Nc6 {[%clk 01:31:21]}
{[%emt 00:00:05]} 3. Bb5 {[%clk 01:31:50]} {[%emt 00:00:03]} a6 {[%clk
01:31:43]} {[%emt 00:00:08]} 4. Ba4 {[%clk 01:32:16]} {[%emt 00:00:04]} b5
{[%clk 01:32:03]} {[%emt 00:00:10]} 5. Bb3 {[%clk 01:32:42]} {[%emt 00:00:04]}
Nf6 {[%clk 01:32:27]} {[%emt 00:00:06]} 6. d3 {[%clk 01:33:07]} {[%emt
00:00:05]} Be7 {[%clk 01:32:06]} {[%emt 00:00:51]} 7. O-O {[%clk 01:33:07]}
{[%emt 00:00:30]} O-O {[%clk 01:32:20]} {[%emt 00:00:17]} 8. c3 {[%clk
01:33:23]} {[%emt 00:00:13]} d6 {[%clk 01:30:34]} {[%emt 00:02:17]} 9. Re1
{[%clk 01:33:32]} {[%emt 00:00:21]} Bb7 {[%clk 01:29:32]} {[%emt 00:01:32]} 10.
Nbd2 {[%clk 01:33:23]} {[%emt 00:00:39]} Re8 {[%clk 01:27:39]} {[%emt
00:02:23]} 11. Nf1 {[%clk 01:32:43]} {[%emt 00:01:09]} Bf8 {[%clk 01:24:11]}
{[%emt 00:03:59]} 12. Bg5 {[%clk 01:24:42]} {[%emt 00:08:31]} h6 {[%clk
01:18:59]} {[%emt 00:05:42]} 13. Bxf6 {[%clk 01:20:09]} {[%emt 00:05:03]} Qxf6
{[%clk 01:16:07]} {[%emt 00:03:21]} 14. Bd5 {[%clk 01:20:02]} {[%emt 00:00:37]}
Rab8 {[%clk 00:54:18]} {[%emt 00:22:20]} 15. Ne3 {[%clk 01:17:36]} {[%emt
00:02:56]} g6 {[%clk 00:50:27]} {[%emt 00:04:21]} 16. Ng4 {[%clk 01:10:44]}
{[%emt 00:07:22]} Qf4 {[%clk 00:46:33]} {[%emt 00:04:18]} 17. h3 {[%clk
01:08:33]} {[%emt 00:02:47]} h5 {[%clk 00:37:27]} {[%emt 00:09:36]} 18. g3
{[%clk 01:07:47]} {[%emt 00:01:14]} hxg4 {[%clk 00:35:53]} {[%emt 00:02:06]}
19. gxf4 {[%clk 01:08:04]} {[%emt 00:00:13]} gxf3 {[%clk 00:36:15]} {[%emt
00:00:07]} 20. Qxf3 {[%clk 01:07:46]} {[%emt 00:00:48]} exf4 {[%clk 00:34:52]}
{[%emt 00:01:53]} 21. Bxc6 {[%clk 01:03:45]} {[%emt 00:04:31]} Bxc6 {[%clk
00:35:07]} {[%emt 00:00:15]} 22. Qxf4 {[%clk 01:03:48]} {[%emt 00:00:27]} Re5
{[%clk 00:32:40]} {[%emt 00:02:57]} 23. f3 {[%clk 01:01:08]} {[%emt 00:03:10]}
Bd7 {[%clk 00:30:37]} {[%emt 00:02:33]} 24. h4 {[%clk 00:56:55]} {[%emt
00:04:43]} Rh5 {[%clk 00:27:53]} {[%emt 00:03:13]} 25. Kf2 {[%clk 00:55:34]}
{[%emt 00:01:51]} Be7 {[%clk 00:25:44]} {[%emt 00:02:40]} 26. Rh1 {[%clk
00:51:50]} {[%emt 00:04:14]} Kg7 {[%clk 00:24:55]} {[%emt 00:01:19]} 27. Rh2
{[%clk 00:42:48]} {[%emt 00:09:32]} Rbh8 {[%clk 00:24:10]} {[%emt 00:01:15]}
28. Rah1 {[%clk 00:42:28]} {[%emt 00:00:51]} Bf6 {[%clk 00:24:24]} {[%emt
00:00:15]} 29. d4 {[%clk 00:41:13]} {[%emt 00:01:45]} Be6 {[%clk 00:22:38]}
{[%emt 00:02:17]} 30. Qg3 {[%clk 00:26:17]} {[%emt 00:15:25]} Bxa2 {[%clk
00:18:21]} {[%emt 00:04:47]} 31. f4 {[%clk 00:23:59]} {[%emt 00:02:48]} c5
{[%clk 00:14:04]} {[%emt 00:04:48]} 32. dxc5 {[%clk 00:17:10]} {[%emt
00:07:19]} dxc5 {[%clk 00:13:55]} {[%emt 00:00:39]} 33. f5 {[%clk 00:17:06]}
{[%emt 00:00:33]} Bc4 {[%clk 00:11:49]} {[%emt 00:02:36]} 34. fxg6 {[%clk
00:14:35]} {[%emt 00:03:01]} fxg6 {[%clk 00:12:00]} {[%emt 00:00:19]} 35. Rg2
{[%clk 00:13:23]} {[%emt 00:01:42]} Bf7 {[%clk 00:11:25]} {[%emt 00:01:06]} 36.
Ke3 {[%clk 00:12:40]} {[%emt 00:01:12]} Bxh4 {[%clk 00:07:16]} {[%emt
00:04:39]} 37. Rxh4 {[%clk 00:12:44]} {[%emt 00:00:26]} Rxh4 {[%clk 00:07:14]}
{[%emt 00:00:32]} 38. Qe5+ {[%clk 00:12:51]} {[%emt 00:00:23]} Kg8 {[%clk
00:05:56]} {[%emt 00:01:48]} 39. Qxc5 {[%clk 00:12:46]} {[%emt 00:00:35]} Kg7
{[%clk 00:03:36]} {[%emt 00:02:51]} 40. Qe5+ {[%clk 00:12:40]} {[%emt
00:00:35]} Kg8 {[%clk 00:03:07]} {[%emt 00:00:59]} 41. Qf6 {[%clk 00:08:27]}
{[%emt 00:04:42]} Rh3+ {[%clk 00:00:59]} {[%emt 00:02:38]} 42. Kd4 {[%clk
00:08:20]} {[%emt 00:00:37]} a5 {[%clk 00:24:17]} {[%emt 00:07:13]} 43. Rf2
{[%clk 00:32:33]} {[%emt 00:06:16]} R8h7 {[%clk 00:19:38]} {[%emt 00:05:10]}
44. Qd8+ {[%clk 00:32:46]} {[%emt 00:00:17]} Kg7 {[%clk 00:19:52]} {[%emt
00:00:16]} 45. Qxa5 {[%clk 00:32:21]} {[%emt 00:00:55]} Bc4 {[%clk 00:18:21]}
{[%emt 00:02:00]} 46. Qc7+ {[%clk 00:31:38]} {[%emt 00:01:13]} Kg8 {[%clk
00:16:46]} {[%emt 00:02:05]} 47. Qd8+ {[%clk 00:31:18]} {[%emt 00:00:51]} Kg7
{[%clk 00:16:52]} {[%emt 00:00:23]} 48. Qf8# {[%clk 00:31:41]} {[%emt
00:00:07]} 1-0